000 00512nam a2200169Ia 4500
999 _c12346
_d12346
003 OSt
005 20201020104612.0
008 190216s9999||||xx |||||||||||||| ||und||
040 _coclc
082 _a894.81209
_bCHA/H
100 _aChaitanya, Krishna
_93110
245 0 _aA History Of Malayalam Literature /
_cKrishna Chaitanya
260 _bOrient Longman ,
_aNew Delhi:
_c1971.
300 _a592p
650 _aEnglish Grammar
942 _cBK
_2ddc
_h894.81209
_iCHA/H
_k894.81209
_mCHA/H